000 00223nam a22000857a 4500
008 160915b xxu||||| |||| 00| 0 eng d
100 _9491
_aScott.P
245 _aMental Arithmetic-5
260 _aNew Delhi
_bFrank publications
_c2010
999 _c3148
_d3148